| 000 | 00574nam a22002177a 4500 | ||
|---|---|---|---|
| 003 | OSt | ||
| 005 | 20231010083310.0 | ||
| 008 | 231010b |||||||| |||| 00| 0 eng d | ||
| 020 | _a9781032067933 | ||
| 040 | _cDNLM | ||
| 082 | _aW322 C645m 2022 | ||
| 100 |
_aCockerham, William C. _916721 |
||
| 245 | _aMedical Sociology | ||
| 250 | _a5th ed. | ||
| 260 | _aNew York; Routledge, 2022 | ||
| 300 | _axii,454p; ill: 24.5cm | ||
| 500 | _aReferences, & index included | ||
| 650 |
_aMedical social worker _916722 |
||
| 650 |
_aMedical sociology _99690 |
||
| 942 |
_2z _cO_SHELF |
||
| 999 |
_c8192 _d8192 |
||